000 01929nas a2200265Ia 4500
001 R262-R5217
003 IT-CnALBA
008 170116c99999999xx |||||||||||| ||und||
040 _aIT-CnALBA
_cIT-CnALBA
041 _aITALIANO
100 _aCENACCHI GIUSEPPE
210 _aPALESTRA DEL CLERO
222 _aPALESTRA DEL CLERO
245 0 _aPALESTRA DEL CLERO. XV GENNAIO 1963. RIVISTA DI CULTURA E PRATICA ECCLESIASTICA.
250 _a1a ed.
260 _a PA ROV. BELL.
_bISTIT. VEN. ARTI GRAF.
_c1963 [1° Ed.:1963 - Ed.Ling.Originale: 1963]
310 _aQUINDICINALE
362 _aFascicolo: 2 / Anno: 42 (1963)
500 _aPEDAGOGIA, VOCAZIONE ALLO STATO ECCLESIASTICO SECONDO I DOCUMENTI DEL MAGISTERO DELLA CHIESA. DIRITTO CANONICO, L'ORDINARIO DEL LUOGO DEI CANONI DXXII DXXIII, ROSSI L. ATTUALITÀ, ALLARME GIUSTIFICATO, GISMONDI G. PASTORALE, I PROBLEMI DEI SAGRESTANI, BABBINI L. L'INSEGNANTE DI RELIGIONE E LO SCIOPRRO, TALIERGIO G. LETTERA AD UN SACERDOTE, CONTE S. ETNOGRAFIA, LA SIDERURGIA PRESSO I SANDÈ DELL'AFRICA EQUATORIALE, NEGRISOLO A. PALESTRA LETTORI. INTERPRETAZIONE MORALISTICA DEL TESTO DELLO PSEUDO DIONIGI SULLA FINE TERRENA DELLA VERGINE.
501 _aSocietà San Paolo EM - Piazza San Paolo, 14 - 12051 ALBA (CN) (non commercial uses only) ® Copyright 2017
520 _aPEDAGOGIA, VOCAZIONE ALLO STATO ECCLESIASTICO SECONDO I DOCUMENTI DEL MAGISTERO DELLA CHIESA. DIRITTO CANONICO, L'ORDINARIO DEL LUOGO DEI CANONI DXXII DXXIII, ROSSI L. ATTUALITÀ, ALLARME GIUSTIFICATO, GISMONDI G. PASTORALE, I PROBLEMI DEI SAGRESTANI, BABBINI L. L'INSEGNANTE DI RELIGIONE E LO SCIOPRRO, TALIERGIO G. LETTERA AD UN SACERDOTE, CONTE S. ETNOGRAFIA, LA SIDERURGIA PRESSO I SANDÈ DELL'AFRICA EQUATORIALE, NEGRISOLO A. PALESTRA LETTORI. INTERPRETAZIONE MORALISTICA DEL TESTO DELLO PSEUDO DIONIGI SULLA FINE TERRENA DELLA VERGINE.
650 _aECCLESIOLOGIA
942 _cCR
957 _71
999 _a49067
_bNO
_g1
_c323557
_d323557